| 000 | 01151nam a2200301 i 4500 | ||
|---|---|---|---|
| 003 | EG-GICUC | ||
| 005 | 20260513213511.0 | ||
| 008 | 260509s1964 ua ||||fr|||| 00| 0 ara d | ||
| 040 |
_a EG-GICUC _bara _c EG-GICUC _d EG-GICUC _erda |
||
| 041 | 0 | _aara | |
| 082 | 0 | 4 |
_221 _a345.48 _bع ب . م |
| 092 | 0 | 4 | _221 |
| 099 | _aLaw1 07 345.48 ع ب . م 1964 | ||
| 100 | 0 | _aعبد الفتاح حسن | |
| 240 | _a | ||
| 245 | 1 | 0 |
_aمحاضرات فى الوظيفة العامة : _bلطلبة دبلوم العلوم الإدارية- قسم الدكتوراه / _cعبد الفتاح حسن. |
| 264 | 4 |
_a[مكان الناشر غير محدد] : _b[اسم الناشر غير محدد], _c1964. |
|
| 300 |
_a255 ؛ صفحة _c24 سم |
||
| 336 |
_2rda content _atext |
||
| 337 |
_2rda media _aComputer |
||
| 338 |
_2rda carrier _aOnline Resource |
||
| 546 | _aالنص باللغة العربية | ||
| 650 | 1 | 4 |
_aالقانون الإداري _2qrmak |
| 651 | 1 | _2qrmak | |
| 856 | 4 | 0 | _uhttps://fll.law.cu.edu.eg/fulltext/bks/B07-01779.pdf |
| 905 | _a47 | ||
| 942 |
_2ddc _cBK _e21 _n0 |
||
| 999 |
_c76425 _d76425 |
||